Normal view MARC view
  • Minorities

Entry Topical Term

Number of records used in: 1

001 - CONTROL NUMBER

  • control field: 119709

003 - CONTROL NUMBER IDENTIFIER

  • control field: DLC

005 - DATE AND TIME OF LATEST TRANSACTION

  • control field: 20200109104555.0

008 - FIXED-LENGTH DATA ELEMENTS

  • fixed length control field: 080304|| anannbabn |n ana

010 ## - LIBRARY OF CONGRESS CONTROL NUMBER

  • LC control number: sh2008107838

040 ## - CATALOGING SOURCE

  • Original cataloging agency: DLC
  • Language of cataloging: eng
  • Transcribing agency: DLC

150 ## - HEADING--TOPICAL TERM

  • Topical term or geographic name entry element: Minorities
  • General subdivision: Legal status, laws, etc.
  • Geographic subdivision: Europe

670 ## - SOURCE DATA FOUND

  • Source citation: Work cat.: Drepturile omului, 2006

688 ## - APPLICATION HISTORY NOTE

  • Application history note: etuesh

750 ## - ESTABLISHED HEADING LINKING ENTRY--TOPICAL TERM

  • Authority record control number or standard number: (DLC)sh2008107838
  • Source of heading or term: lcsh
Devinim Yazılım Eğitim Danışmanlık tarafından Koha'nın orjinal sürümü uyarlanarak geliştirilip kurulmuştur.